Quizzes
Events
Quiz Creation
Community
Videos
Private Events
Remove Ads
Sign In
Join for FREE
Feedback
Dark Mode
Quiz Categories
Sports
Geography
Music
Movies
Television
Just For Fun
Miscellaneous
History
Literature
Language
Science
Gaming
Entertainment
Religion
Holiday
For Kids
Quiz Lab
Recent
Popular Today
Quiz Kudos Today
Editor Picks
Curator Picks
Quizzes by...
Day
Popularity
Type
Ratings
Length
Year
Community
Subscriptions
Recent Discussions
Orange Saloon
Badges
Playlists
Quests
Create
Leaderboards
Showdown
Live 5
Trivia Bingo
Activity
Puzzle Library
Sporcle Events
Private Events
Virtual Trivia
Globe League
Become a Host
Pub Owners
SporcleCon
Opinionation
Our Games
Videos
Blog
Mobile Apps
Partnerships
Remove Ads and Go Orange
Feedback
Literature
Harry Potter
A Song of Ice and Fire
The Hunger Games
Literary Character
Shakespeare
Book
Author
Novel
Poem
Young Adult
Children's Books
Play
Lord of the Rings
Literature
Harry Potter
A Song of Ice and Fire
The Hunger Games
Literary Character
Shakespeare
Book
Author
Novel
Poem
Young Adult
Children's Books
Play
Lord of the Rings
Random Quiz
Search Sporcle
×
Quiz Lab
Quiz Lab
Literature
Lord of the Rings
Type in answers that appear in a list
Type in answers that appear in a list
Classic
Best Score? Go Orange.
Lord of the Rings Most Common Words Stats
Can you name the Most Common Words in the Lord of the Rings Trilogy?
By
njb042
20m
300 Questions
2,522 Plays
2,522 Plays
2,522 Plays
Comments
Comments
Give Quiz Kudos
Give Quiz Kudos
-
- Ratings
hide this ad
Replay
Link that replays current quiz
Next Quiz
Link to next quiz in quiz playlist
You Got
0%
They Got
Avg Score
52%
Avg Friend Score
Upgrade to see
Score Distribution
Jump to the score distribution portion of the page
Score
0/300
Timer
20:00
0
Plays Today
#
Word
% Correct
10381
a
96.6%
37798
the
94.8%
6534
I
93.2%
492
e
91.2%
1943
Frodo
89.1%
1080
go
88.4%
861
an
88.1%
1283
me
87.5%
8895
he
85.5%
573
ring
85.4%
1180
Gandalf
85.2%
2596
we
84.1%
1239
Sam
83.9%
11892
to
83.8%
23885
and
83.5%
3360
on
83.3%
2518
be
82.5%
3781
is
82.3%
17915
of
81.8%
10071
in
81.4%
2084
no
80.8%
1357
do
80.5%
2225
or
79.9%
848
Aragorn
79.7%
7117
it
79.1%
4425
for
78.8%
5030
you
78.1%
1518
so
76.8%
660
Pippin
76.6%
396
Gimli
76.6%
347
Legolas
76.4%
560
she
76.3%
590
her
76%
5482
they
75.4%
576
Merry
75.4%
361
man
74.5%
295
Sauron
74%
4305
not
73.9%
1254
one
73.2%
1950
are
72.4%
425
Gollum
71.9%
1280
when
70.9%
833
dark
70.7%
924
far
70.7%
295
Boromir
70.6%
323
elves
70.3%
1075
men
70.3%
497
am
69.9%
663
can
69.9%
746
where
69.8%
2876
there
69.6%
4188
as
69.5%
1410
my
69.3%
2374
them
69.2%
2713
all
68.8%
7291
was
68.8%
647
king
68.8%
5214
his
68.5%
3546
at
68.5%
533
too
68.4%
317
Saruman
68.2%
7211
that
68.1%
297
Mordor
68.1%
318
Bilbo
67.4%
2375
their
67.3%
414
Shire
67.1%
1342
what
67%
3174
were
66.9%
1188
your
66.5%
471
two
66.3%
2799
have
66.2%
2621
him
66.2%
1852
will
66.1%
884
see
65.9%
1892
then
65.9%
710
who
65.8%
435
lord
65.2%
2520
from
65.1%
1295
could
65%
511
black
64.4%
2039
if
63.9%
1752
this
63.6%
569
day
63.6%
5394
but
63.6%
503
white
63.2%
1706
up
63%
312
three
63%
311
Faramir
62.7%
370
how
62.6%
1249
would
61.6%
907
us
61.3%
743
our
60.6%
517
should
60.5%
298
river
60.5%
590
Gondor
60.4%
3502
had
60.3%
4328
said
60.3%
853
has
60.2%
275
Elrond
60.1%
1711
out
59.8%
#
Word
% Correct
601
light
59.8%
1218
down
59.7%
537
ever
59.5%
636
hobbits
59.4%
3545
with
59.2%
556
say
59%
1911
by
58.8%
867
over
58.4%
532
night
58.3%
344
water
57.8%
881
did
57.7%
555
under
57.5%
324
Rohan
57.5%
505
good
57.5%
427
orcs
57.4%
1148
been
57.1%
351
yes
57%
1293
into
56.7%
892
time
56%
381
grey
56%
1279
come
55.9%
274
nor
55.9%
1148
some
55.4%
1282
more
55.2%
312
fire
54.9%
763
its
54.8%
629
though
53.5%
472
those
53.5%
400
never
53.4%
573
saw
53.1%
130
gone
53.1%
794
went
52.9%
387
mountains
52.9%
789
any
52.8%
1120
many
52.6%
2269
now
52.4%
260
Théoden
52.2%
561
these
52%
704
after
51.9%
690
know
51.9%
359
right
51.9%
844
here
51.9%
931
than
51.8%
449
took
51.5%
521
off
51.5%
307
evil
51.5%
456
fell
51.3%
1192
before
51.2%
422
take
51.2%
422
trees
51%
377
get
50.8%
501
left
50.7%
835
old
50.6%
255
dead
50.6%
266
green
50.2%
1161
like
50.2%
1497
came
50.1%
353
look
50.1%
1554
great
50%
282
war
49.9%
413
going
49.9%
262
Éomer
49.7%
310
just
49.4%
333
east
49.4%
516
hand
49.3%
341
sun
49.2%
748
may
49.2%
1035
back
48.4%
714
shall
48.3%
503
think
48.3%
460
don't
48.3%
996
away
48.1%
758
way
48.1%
416
north
48%
777
even
47.9%
256
darkness
47.9%
375
west
47.8%
728
must
47.6%
525
land
47.5%
1329
long
47.4%
405
seen
47.2%
574
thought
47%
314
got
47%
630
eyes
46.9%
1177
again
46.2%
508
much
46.1%
353
might
46%
402
son
45.9%
284
cannot
45.7%
570
through
45.4%
351
feet
45.4%
345
most
45.2%
575
end
45.2%
289
south
45.1%
630
very
45%
375
find
45%
426
let
44.5%
590
first
44.3%
545
heard
43.9%
347
head
43.8%
#
Word
% Correct
665
little
43.6%
563
days
43.6%
273
put
43.5%
770
which
43.4%
336
near
43.4%
267
battle
43.4%
313
make
42.9%
945
only
42.6%
565
road
42.5%
1004
last
42.4%
263
Minas
42.3%
406
deep
41.9%
278
small
41.8%
874
yet
41.7%
896
about
41.6%
716
well
41.5%
406
once
41%
386
shadow
40.8%
443
found
40.7%
270
without
40.6%
274
leave
40.6%
651
looked
40.5%
613
other
40.3%
349
people
40.2%
261
hands
40.2%
300
world
40.1%
402
above
39.8%
318
tell
39.8%
302
gate
39.6%
310
power
39.5%
269
speak
39.3%
396
also
39.1%
302
need
38.9%
559
made
38.8%
285
house
38.8%
292
spoke
38.6%
300
nothing
38.5%
274
hills
38.5%
382
high
38.2%
944
upon
37.9%
429
soon
37.9%
435
until
37.3%
633
while
37.1%
321
Mr.
37.1%
270
another
37%
319
against
37%
422
master
36.9%
369
fear
36.8%
317
heart
36.8%
393
years
36.6%
342
few
36.5%
1024
still
36%
327
face
35.9%
304
wind
35.7%
345
stone
35.2%
528
behind
35%
260
city
34.5%
309
felt
34.3%
428
hope
34.2%
486
things
34.2%
487
own
33.9%
274
coming
33.7%
295
sat
33.5%
387
between
33.4%
292
fair
33.1%
428
such
33%
470
himself
32.9%
419
lay
32.8%
340
words
32.6%
362
name
32.1%
331
among
31.7%
373
cried
31.4%
438
beyond
31.3%
379
since
31%
335
folk
30.7%
732
seemed
30.7%
348
called
30.7%
396
set
29.9%
401
side
29.9%
285
mind
29.7%
280
enemy
29.5%
307
answered
29.4%
546
stood
29.3%
358
began
29.3%
315
round
29.3%
270
sound
29.1%
359
towards
28.7%
325
others
28.2%
344
voice
27.9%
307
already
27.9%
539
passed
27.5%
273
became
27.4%
406
indeed
27.2%
335
used
27%
295
company
27%
285
moment
25.9%
420
turned
25.9%
285
names
25.3%
435
suddenly
25.1%
266
slowly
21.9%
Quiz Playlist
Details
Report
Send in Message
Add To Playlist
Classic:
Type in answers that appear in a list
Last Updated: Feb 16, 2017
Quiz Scoreboard
CHALLENGE
Sign Up to Join the Scoreboard
Show All
Scores
Hide
Comments
May contain spoilers
Recently Published
Movies - When Are They Set?
by FPL_Elf
Movies
5m
Popular People in 1961
by mucciniale
History
6m
1-10 Letter E Words III
by El_Dandy
Language
2m
More to Explore
Quiz From the Vault
Featured Blog Post
Where Did the Easter Bunny Come From?
hide this ad
You Might Also Like...
Tags
Lord of the Rings Quiz
common
Fellowship
Frequency
JRR Tolkien
mouth
Two Towers
Today's Top Quizzes in Literature
Browse Literature
hide this ad
Today's Top Quizzes in Lord of the Rings
Browse Lord of the Rings
Top Contributed Quizzes in Literature
1
Sneaky Slytherin Logic Puzzle
2
One Thing in Common: Literature
3
Get The Picture: Black or White Literature
4
Weasley Family Reunion: Logic Puzzle
5
One Thing in Common: Literature II
6
Harry Potter Neighbourly Logic Puzzle #5
7
Lily Potter Start to Finish
8
One Thing in Common: Literature 3
9
One Thing in Common: Books
10
ASOIAF Logic Puzzle [Difficult] [Read Note first!!]
Explore More
Trending Topics
Disney
Kpop
Anime
Harry Potter
Crossword
Marvel
NBA
Pokémon
Song
Country
Puzzle
Soccer
The Office
WWE
NFL
hide this ad
More By:
njb042
Quiz
Plays
Rating
Category
Featured
Created
Baby Names From Shakespeare
49,934
4.31
Literature
Jul 4, 2011
Pinky and the Brain Lyrics
20,601
4.74
Television
Jun 6, 2011
'Alice in Wonderland' First 200 Words
17,205
4.58
Literature
Feb 29, 2012
North America Mega BLITZ
4,943
4.30
Geography
Jul 9, 2011
Complete Oscar Big Five Winners
2,836
3.13
Movies
Jul 18, 2011
Go to Creator's Profile
Score Distribution
Quiz Creator Spotlight
njb042
Follow
Send a Message
Quizzes Created
-
Created Quiz Play Count
-
More By This Creator
Popular Quizzes Today
1
Find the US States - No Outlines Minefield
2
Find the Countries of Europe - No Outlines Minefield
3
The Countries of the World
4
Popular People in 1961
5
1-10 Letter E Words III
6
US States
7
Find the US States
8
One Thing in Common: World Cities II
More Literature Quizzes
Literary Murderer Match-Up
Published
Trending Quizzes
Risky Map Clicking: Least Populous States A-Z
1-10 Letter F Words
Humor Books: The Subtitles
1-10 Letter G Words
One Thing in Common: United Kingdom
Recently Updated
Leaping Animals
pecheneg
Reality TV Shows (A-Z)
bhenderson79
Rickey Henderson's Hall of Fame Teammates
pecheneg
Champions League XIs: Arsenal
pecheneg
Quick Pick: Celebrities in WWE's Hall of Fame
aduchscher
A-Z Keypad Blitz II
pecheneg
Multiple Oscar Actors
pecheneg
Mystery Phrase Blitz: Oscar 'Best Actors'
pecheneg
F. Scott Fitzgerald Novels
LTH
Pick 3 Villains
ddd62291
Trending Topics
Marvel
Kpop
Harry Potter
Anime
Crossword
Disney
NBA
Song
The Office
Puzzle
Soccer
NFL
WWE
Pokémon
Country
Your Account Isn't Verified!
In order to create a playlist on Sporcle, you need to verify the email address you used during registration. Go to your
Sporcle Settings
to finish the process.
Report this User
Report this user for behavior that violates our
Community Guidelines
.
Details:
Send Report
Go to the Sporcle.com Mobile Site →
Comments